Hauptstädte der Welt - Sudden Death - Statistiken

Allgemein
  • Dieses Quiz wurde 9.441 mal gespielt
  • Das Durchschnittsergebnis liegt bei 21 aus 100
Answers on the Grid
Answers color-coded by a green-red scale on the quiz's grid according to % correct below.
Shanghai
Wuhan
Mumbai
Delhi
Ibadan
St. Louis
São Paulo
Manaus
Chongqing
Tianjin
Lagos
Durban
Osaka
Sapporo
Karatschi
Lahore
Kolkata
Bengaluru
Istanbul
Izmir
Los Angeles
Houston
Ho-Chi-Minh-Stadt
Surabaya
Daressalam
Gizeh
Dubai
Odessa
Guadalajara
León
Sankt Petersburg
Rostow am Don
Abidjan
Birmingham
Sydney
Perth
Barcelona
Valencia
Melbourne
Brisbane
Toronto
Vancouver
Mekka
Dschidda
Aleppo
Mashhad
Casablanca
Marrakech
Almaty
Bonn
Rangun
Fès
Zürich
Genf
Belize City
Linz
Serravalle
Durrës
Montréal
Thessaloniki
Cusco
Rosario
La Plata
Nischni Nowgorod
Rio de Janeiro
Porto Alegre
Porto
Braga
Marseille
Lyon
Manchester
Glasgow
Mailand
Ufa
Brünn
Cluj-Napoca
Frankfurt am Main
Hamburg
Malmö
Göteborg
Krakau
Danzig
Warna
Calgary
Alexandria
Mossul
Bengasi
Charkiw
Johannesburg
München
Medellín
Cali
Yokohama
Nagoya
Rotterdam
Antwerpen
Novi Sad
Cork
New York City
Bengaluru
Kuwait
Amman
Andorra la Vella
Asmara
Basseterre
Bogotà
Brasília
Bratislava
Bridgetown
Canberra
Castries
San Marino
Conakry
Dodoma
Harare
Kabul
Kathmandu
Lilongwe
Lima
London
Manama
Maskat
N’Djamena
Nairobi
Naypyidaw
Ngerulmud
Nouakchott
Ouagadougou
Palikir
Panama-Stadt
Paris
Port Louis
Port of Spain
Port-au-Prince
Rom
Roseau
St. George’s
St. John’s
Skopje
Sri Jayewardenepura Kotte
Suva
Taschkent
Tegucigalpa
Thimphu
Tripolis
Ulaanbaatar
Vientiane
Wellington
Yamoussoukro
Yaoundé
Beirut
Asunción
Sanaa
Caracas
Funafuti
Dili
Bangkok
Stockholm
Paramaribo
Juba
Ljubljana
Victoria
Belgrad
Honiara
Doha
Port Moresby
Islamabad
Oslo
Niamey
Monaco
Mexiko-Stadt
Malé
Vilnius
Monrovia
Riga
Bischkek
Reykjavík
Bissau
Malabo
Athen
Berlin
Helsinki
Manila
Addis Abeba
Quito
Zagreb
Kinshasa
Moroni
Bangui
Gitega
Phnom Penh
Sofia
Belmopan
Porto Novo
Dhaka
Nassau
Jerewan
Buenos Aires
Luanda
Tirana
 
Antwortstatistiken
Antwort % Korrekt
London
37%
Athen
36%
Helsinki
36%
Oslo
36%
Paris
36%
Berlin
35%
Rom
35%
Stockholm
35%
Mexiko-Stadt
34%
Zagreb
34%
Belgrad
33%
Sofia
33%
Brasília
32%
Ljubljana
32%
Riga
32%
Reykjavík
31%
Bangkok
30%
Bratislava
30%
Lima
30%
Monaco
30%
Skopje
30%
Tirana
30%
Buenos Aires
29%
Canberra
29%
Panama-Stadt
29%
Vilnius
29%
Andorra la Vella
28%
Nairobi
28%
San Marino
28%
Bogotà
27%
Kabul
25%
Manila
25%
Quito
25%
Ulaanbaatar
25%
Beirut
24%
Islamabad
24%
Addis Abeba
23%
Doha
23%
Port-au-Prince
23%
Dhaka
22%
Tripolis
22%
Wellington
22%
Caracas
21%
Nassau
21%
Asunción
20%
Kinshasa
20%
Malé
20%
Phnom Penh
20%
Amman
19%
Jerewan
19%
Kathmandu
19%
Kuwait
19%
Taschkent
19%
Bischkek
18%
Ouagadougou
18%
Sanaa
18%
Bissau
17%
Luanda
17%
Monrovia
17%
Port Moresby
17%
Port of Spain
17%
Sri Jayewardenepura Kotte
17%
Yamoussoukro
17%
Belmopan
16%
Dili
16%
Harare
16%
Manama
16%
Maskat
16%
Paramaribo
16%
Suva
16%
Tegucigalpa
16%
Yaoundé
16%
Asmara
15%
Naypyidaw
15%
N’Djamena
15%
Niamey
15%
Thimphu
15%
Vientiane
15%
Bridgetown
14%
Conakry
14%
Dodoma
14%
Nouakchott
14%
Port Louis
14%
Bangui
13%
Juba
13%
Lilongwe
13%
Roseau
13%
Victoria
13%
Basseterre
12%
Castries
12%
Funafuti
12%
Ngerulmud
12%
Porto Novo
12%
St. John’s
12%
Malabo
11%
St. George’s
11%
Gitega
10%
Honiara
10%
Moroni
10%
Palikir
10%
Keine übereinstimmenden Quizze gefunden
Verteilung der Resultate
Anzahl Personen mit jedem Resultat
Perzentil nach korrekt beantworteten Fragen
Ihre Resultats-Entwicklung
Sie haben dieses Quiz noch nicht gespielt